000 00610nam a2200241Ia 4500
003 OSt
005 20220918212110.0
006 a|||||r|||| 00| 0
007 ta
008 220917b |||||||| |||| 00| 0 eng d
024 _a127,245
037 _cTextual
040 _aARTS
_cARTS
_beng
041 _2eng
_aeng
082 _aX, K82
100 _aHeilbroner Robert L
_9114401
245 0 _aMaking of economic society
250 _a2nd
260 _aEnglewood
_bPrentic-Hall
_c1968
650 _aECONOMICS
942 _hX, K82
_cTEXL
_2CC
999 _c250387
_d250387